000
00319 a2200157 4500
001
192177
020
_a
040
_c
Magnum
100
_a
Coelho, Paulo
240
1
0
_a
O livro dos manuais
_l
por
245
1
0
_a
O livro dos manuais
300
_a
111
362
0
_a
2008
697
_a
LITERATURA JUVENIL
942
_c
BK
999
_c
192177
_d
192177